[Event "CZE-chT2A 1819"]
[Site "Czech Republic"]
[Date "2019.02.24"]
[Round "9.6"]
[White "Vevera, Radek"]
[Black "Marikova, Jana"]
[Result "0-1"]
[WhiteElo "2059"]
[BlackElo "2123"]
[PlyCount "44"]
[EventDate "2018.10.14"]
[EventType "team-tourn"]
[EventRounds "11"]
[EventCountry "CZE"]
[SourceTitle "EXT 2022"]
[Source "ChessBase"]
[SourceDate "2021.10.06"]
[SourceVersion "1"]
[SourceVersionDate "2021.10.06"]
[SourceQuality "1"]
[WhiteTeam "Praha Bohemians"]
[BlackTeam "Ricany"]
[WhiteTeamCountry "CZE"]
[BlackTeamCountry "CZE"]

1. e4 c5 2. Nf3 d6 3. d4 cxd4 4. Nxd4 Nf6 5. Nc3 a6 6. Bg5 Nbd7 7. Qe2 Qc7 8. f4 b5 9. 0-0-0 e6 10. f5 e5 11. Ne6 fxe6 12. fxe6 Nb6 13. Bxf6 gxf6 14. Qh5+ Kd8 15. Bxb5 axb5 16. Nxb5 Qg7 17. Qf3 Bxe6 18. Nxd6 Qg5+ 19. Kb1 Bxa2+ 20. Ka1 Bxd6 21. Rxd6+ Kc7 22. Rxf6 Qd2 0-1

[Event "Klatovy op-A 24th"]
[Site "Klatovy"]
[Date "2018.07.08"]
[Round "9"]
[White "Kunc, Jan"]
[Black "Vevera, Radek"]
[Result "1-0"]
[WhiteElo "1947"]
[BlackElo "2064"]
[PlyCount "87"]
[EventDate "2018.06.30"]
[EventType "swiss"]
[EventRounds "9"]
[EventCountry "CZE"]
[SourceTitle "EXT 2019"]
[Source "ChessBase"]
[SourceDate "2018.10.10"]
[SourceVersion "1"]
[SourceVersionDate "2018.10.10"]
[SourceQuality "1"]

1. e4 c6 2. d4 d5 3. exd5 cxd5 4. Bd3 Nc6 5. c3 Qc7 6. Ne2 Bg4 7. 0-0 e6 8. Qe1 Bxe2 9. Qxe2 Bd6 10. h3 Nf6 11. Nd2 h6 12. Nf3 g5 13. Re1 g4 14. hxg4 Nxg4 15. Bf5 Rg8 16. Bxe6 Be7 17. Bxd5 0-0-0 18. Bxc6 Bh4 19. Bxb7+ Kxb7 20. Be3 Rd5 21. c4 Rh5 22. c5 Bd8 23. Rac1 Rh2 24. Qb5+ Ka8 25. Nxh2 Qxh2+ 26. Kf1 Nxe3+ 27. Rxe3 Qxg2+ 28. Ke2 Qd5 29. Qc4 Qh5+ 30. Kd3 Qf5+ 31. Kc3 Bg5 32. Qd3 Qd5 33. Re5 Qxa2 34. Qe4+ Kb8 35. Re8+ Rxe8 36. Qxe8+ Kc7 37. Qe5+ Kc8 38. Re1 Qa5+ 39. Kc2 Qa4+ 40. Kb1 Qc4 41. Qe8+ Kc7 42. Qe5+ Kc8 43. Qe8+ Kc7 44. Qe4 1-0

[Event "Klatovy op-A 24th"]
[Site "Klatovy"]
[Date "2018.07.02"]
[Round "3"]
[White "Vevera, Radek"]
[Black "Hollan, Martin"]
[Result "1/2-1/2"]
[WhiteElo "2064"]
[BlackElo "2341"]
[PlyCount "103"]
[EventDate "2018.06.30"]
[EventType "swiss"]
[EventRounds "9"]
[EventCountry "CZE"]
[SourceTitle "CBM 185 Extra"]
[Source "ChessBase"]
[SourceDate "2018.07.29"]
[SourceVersion "1"]
[SourceVersionDate "2018.07.29"]
[SourceQuality "1"]

1. e4 c5 2. Nf3 Nc6 3. d4 cxd4 4. Nxd4 e5 5. Nb5 a6 6. Nd6+ Bxd6 7. Qxd6 Qe7 8. Qd1 Nf6 9. Nc3 d6 10. Bg5 Be6 11. Nd5 Bxd5 12. exd5 Nb8 13. Be2 Nbd7 14. c4 0-0 15. 0-0 Rfb8 16. b4 b5 17. cxb5 axb5 18. a4 bxa4 19. Rxa4 Rxa4 20. Qxa4 h6 21. Bd2 Nxd5 22. Rb1 N7b6 23. Qb3 Nc7 24. b5 Ne6 25. Qg3 Nd4 26. Bf1 Qf6 27. Qd3 Nd5 28. Qe4 Qf5 29. Qxf5 Nxf5 30. Ba5 Nd4 31. Bc4 Nb6 32. Bd3 Kf8 33. Bb4 Ke7 34. Ra1 Nd5 35. Ra7+ Ke6 36. Bc4 Nxb5 37. Ra6 Kf5 38. Bxd5 Nc7 39. g4+ Kxg4 40. Ra4 Kf5 41. Bxf7 Rb6 42. Ba5 Rb1+ 43. Kg2 Ne6 44. Bxe6+ Kxe6 45. Bd2 Rb2 46. Be3 d5 47. Ra6+ Kf5 48. h4 d4 49. Bc1 Rc2 50. Ba3 Ra2 51. Ra5 Kg4 52. Rxe5 1/2-1/2

[Event "CZE-chT2A 1718"]
[Site "Czech Republic"]
[Date "2018.04.08"]
[Round "11.4"]
[White "Vevera, Radek"]
[Black "Cako, Laszlo"]
[Result "1/2-1/2"]
[WhiteElo "2031"]
[BlackElo "2107"]
[PlyCount "102"]
[EventDate "2017.10.15"]
[EventType "team-tourn"]
[EventRounds "11"]
[EventCountry "CZE"]
[SourceTitle "EXT 2022"]
[Source "ChessBase"]
[SourceDate "2021.10.06"]
[SourceVersion "1"]
[SourceVersionDate "2021.10.06"]
[SourceQuality "1"]
[WhiteTeam "Praha Bohemians II"]
[BlackTeam "Udlice"]
[WhiteTeamCountry "CZE"]
[BlackTeamCountry "CZE"]

1. e4 e5 2. Nf3 Nc6 3. Bc4 Nf6 4. d4 exd4 5. e5 d5 6. Bb5 Nd7 7. Bxc6 bxc6 8. Nxd4 Nb8 9. 0-0 Be7 10. f4 0-0 11. Nc3 f6 12. Nb3 fxe5 13. fxe5 Rxf1+ 14. Kxf1 Nd7 15. Qd4 Nb6 16. Kg1 Bf5 17. Qf2 Qd7 18. Be3 Rf8 19. Nc5 Qe8 20. b3 Qg6 21. Rc1 Nd7 22. Nxd7 Bxd7 23. Qd2 a6 24. Na4 Rf5 25. Qc3 Rf3 26. Re1 Bh3 27. Qd2 Rf5 28. Kh1 Bh4 29. Rg1 Rxe5 30. Bd4 Bg5 31. Qd3 Bf5 32. Qg3 Re4 33. c3 Qh5 34. Rf1 Qg6 35. Nc5 Re7 36. Nxa6 h5 37. Nc5 h4 38. Qf3 Rf7 39. h3 Be7 40. Re1 Be4 41. Qg4 Qxg4 42. hxg4 Bxc5 43. Bxc5 h3 44. a4 hxg2+ 45. Kg1 Rf3 46. Rc1 Rh3 47. Kf2 g1Q+ 48. Rxg1 Rxc3 49. b4 Ra3 50. a5 Kf7 51. Rg3 Rxg3 1/2-1/2

[Event "CZE-chT2A 1718"]
[Site "Czech Republic"]
[Date "2018.03.18"]
[Round "10.5"]
[White "Vevera, Radek"]
[Black "Contos, Vaclav"]
[Result "1/2-1/2"]
[WhiteElo "2031"]
[BlackElo "2123"]
[PlyCount "81"]
[EventDate "2017.10.15"]
[EventType "team-tourn"]
[EventRounds "11"]
[EventCountry "CZE"]
[SourceTitle "EXT 2022"]
[Source "ChessBase"]
[SourceDate "2021.10.06"]
[SourceVersion "1"]
[SourceVersionDate "2021.10.06"]
[SourceQuality "1"]
[WhiteTeam "Praha Bohemians II"]
[BlackTeam "Karlovy Vary Tietz"]
[WhiteTeamCountry "CZE"]
[BlackTeamCountry "CZE"]

1. e4 c6 2. d4 d5 3. e5 Bf5 4. Nf3 e6 5. Be2 Nd7 6. 0-0 Ne7 7. Be3 h6 8. Nbd2 g5 9. Ne1 Bg6 10. Nd3 Nf5 11. a4 Bg7 12. Nb3 0-0 13. Qd2 b6 14. f4 Rc8 15. fxg5 Nxe3 16. Qxe3 Qxg5 17. Rf4 c5 18. h4 Qe7 19. dxc5 bxc5 20. c4 dxc4 21. Rxc4 Nb6 22. Rxc5 Qxh4 23. Nf4 Qg5 24. Rac1 Rcd8 25. Nd4 Nd5 26. Nxd5 Qxe3+ 27. Nxe3 Rxd4 28. Nc4 Rb8 29. Rc3 Rd5 30. Rc7 a5 31. Bf3 Rd4 32. b3 Rbd8 33. Rc1 Rd3 34. Nxa5 Bxe5 35. Rc8 Bg3 36. Rxd8+ Rxd8 37. Nc6 Bf4 38. Rc4 Be3+ 39. Kh2 Rd3 40. b4 Rb3 41. Ne7+ 1/2-1/2

[Event "CZE-chT2A 1718"]
[Site "Czech Republic"]
[Date "2018.02.25"]
[Round "9.6"]
[White "Vevera, Radek"]
[Black "Toulec, Stanislav"]
[Result "1-0"]
[WhiteElo "2031"]
[BlackElo "2041"]
[PlyCount "57"]
[EventDate "2017.10.15"]
[EventType "team-tourn"]
[EventRounds "11"]
[EventCountry "CZE"]
[SourceTitle "EXT 2022"]
[Source "ChessBase"]
[SourceDate "2021.10.06"]
[SourceVersion "1"]
[SourceVersionDate "2021.10.06"]
[SourceQuality "1"]
[WhiteTeam "Praha Bohemians II"]
[BlackTeam "Praha Vrsovice"]
[WhiteTeamCountry "CZE"]
[BlackTeamCountry "CZE"]

1. e4 d6 2. d4 Nf6 3. Nc3 g6 4. Bg5 Bg7 5. Qd2 h6 6. Bh4 c6 7. f3 a5 8. a4 Na6 9. Bc4 Nc7 10. Nge2 Bd7 11. e5 dxe5 12. dxe5 Nh7 13. 0-0-0 Be6 14. Qe3 Qc8 15. Bd3 g5 16. Bg3 Nf8 17. h4 gxh4 18. Rxh4 Ng6 19. Rh5 b5 20. Be4 Qb7 21. Qc5 Ra6 22. Nd4 Bd7 23. axb5 Qb6 24. Qxb6 Rxb6 25. Na4 Rb8 26. b6 Nd5 27. e6 Ngf4 28. exd7+ Kxd7 29. Bxf4 1-0

[Event "CZE-chT2A 1718"]
[Site "Czech Republic"]
[Date "2018.01.28"]
[Round "7.6"]
[White "Vevera, Radek"]
[Black "Folk, Petr"]
[Result "0-1"]
[WhiteElo "2031"]
[BlackElo "2172"]
[PlyCount "134"]
[EventDate "2017.10.15"]
[EventType "team-tourn"]
[EventRounds "11"]
[EventCountry "CZE"]
[SourceTitle "EXT 2022"]
[Source "ChessBase"]
[SourceDate "2021.10.06"]
[SourceVersion "1"]
[SourceVersionDate "2021.10.06"]
[SourceQuality "1"]
[WhiteTeam "Praha Bohemians II"]
[BlackTeam "Kozolupy"]
[WhiteTeamCountry "CZE"]
[BlackTeamCountry "CZE"]

1. e4 c5 2. Nf3 Nc6 3. d4 cxd4 4. Nxd4 Qc7 5. Nc3 e6 6. Be3 a6 7. Qd2 Nf6 8. f3 b5 9. 0-0-0 Bb7 10. g4 Be7 11. h4 Rc8 12. Rg1 Nxd4 13. Bxd4 e5 14. Be3 d5 15. exd5 Nxd5 16. Nxd5 Bxd5 17. Qf2 Bxa2 18. Bd3 Be6 19. Bb6 Bc5 20. Bxc5 Qxc5 21. Qxc5 Rxc5 22. Rde1 0-0 23. b4 Rd5 24. Be4 Rd4 25. c3 Rc8 26. Re3 Bd5 27. Bf5 Be6 28. Bxe6 fxe6 29. Kb2 Rd2+ 30. Kb3 Kf7 31. Rge1 Rf2 32. Rd1 Ke7 33. Rdd3 Rxf3 34. Rxf3 e4 35. Rde3 exf3 36. Rxf3 Rc4 37. Rg3 g6 38. Kc2 e5 39. h5 g5 40. Rg1 Ke6 41. Ra1 Rc6 42. Rf1 Kd5 43. Rf7 Ke4 44. Rxh7 Kf4 45. Rg7 Kxg4 46. Rg6 Rc7 47. h6 Kf5 48. Rxa6 g4 49. Kd2 g3 50. Ke2 Rxc3 51. h7 Rc2+ 52. Kf3 Rh2 53. Kxg3 Rxh7 54. Rb6 Ke4 55. Rxb5 Rf7 56. Ra5 Rf3+ 57. Kg2 Rb3 58. Kf2 Kf4 59. b5 e4 60. Ra8 Rb2+ 61. Ke1 Kf3 62. b6 Rxb6 63. Ra7 Rb1+ 64. Kd2 e3+ 65. Kd3 Rd1+ 66. Kc2 e2 67. Rf7+ Kg4 0-1

[Event "CZE-chT2A 1718"]
[Site "Czech Republic"]
[Date "2017.11.19"]
[Round "3.5"]
[White "Zboril, Jaroslav"]
[Black "Vevera, Radek"]
[Result "0-1"]
[WhiteElo "1953"]
[BlackElo "2031"]
[PlyCount "76"]
[EventDate "2017.10.15"]
[EventType "team-tourn"]
[EventRounds "11"]
[EventCountry "CZE"]
[SourceTitle "EXT 2022"]
[Source "ChessBase"]
[SourceDate "2021.10.06"]
[SourceVersion "1"]
[SourceVersionDate "2021.10.06"]
[SourceQuality "1"]
[WhiteTeam "Sokolov"]
[BlackTeam "Praha Bohemians II"]
[WhiteTeamCountry "CZE"]
[BlackTeamCountry "CZE"]

1. Nf3 Nf6 2. b3 g6 3. Bb2 Bg7 4. g3 0-0 5. Bg2 c5 6. c4 Nc6 7. 0-0 a6 8. d4 d6 9. Nc3 Bf5 10. d5 Na5 11. Nd2 Rb8 12. e4 Bd7 13. Qc2 b5 14. cxb5 axb5 15. h3 b4 16. Nd1 Bb5 17. Re1 Qb6 18. Ne3 Qa6 19. Bf1 Bh6 20. f4 Nh5 21. Ng4 Bg7 22. Bxg7 Kxg7 23. Bxb5 Qxb5 24. Kh2 Rbc8 25. Qb2+ f6 26. e5 c4 27. bxc4 Nxc4 28. Nxc4 Rxc4 29. exf6+ exf6 30. Re7+ Rf7 31. Rae1 Qc5 32. Rxf7+ Kxf7 33. Re2 Rc3 34. f5 Nxg3 35. fxg6+ hxg6 36. Nh6+ Kg7 37. Ng4 Nxe2 38. Qd2 Qg1# 0-1

[Event "CZE-chT2A 1718"]
[Site "Czech Republic"]
[Date "2017.10.15"]
[Round "1.5"]
[White "Vevera, Radek"]
[Black "Ralis, Petr"]
[Result "0-1"]
[WhiteElo "2031"]
[BlackElo "2184"]
[PlyCount "96"]
[EventDate "2017.10.15"]
[EventType "team-tourn"]
[EventRounds "11"]
[EventCountry "CZE"]
[SourceTitle "EXT 2022"]
[Source "ChessBase"]
[SourceDate "2021.10.06"]
[SourceVersion "1"]
[SourceVersionDate "2021.10.06"]
[SourceQuality "1"]
[WhiteTeam "Praha Bohemians II"]
[BlackTeam "Podborany"]
[WhiteTeamCountry "CZE"]
[BlackTeamCountry "CZE"]

1. e4 d6 2. d4 g6 3. Nc3 Bg7 4. Be3 a6 5. Qd2 b5 6. f3 Nd7 7. h4 h5 8. Nh3 Nb6 9. Ng5 Rb8 10. b3 c6 11. Rd1 Qc7 12. g3 Nf6 13. Bg2 0-0 14. 0-0 Nh7 15. Nh3 Re8 16. Ne2 Nd7 17. c4 bxc4 18. bxc4 c5 19. Rc1 cxd4 20. Bxd4 Bxd4+ 21. Qxd4 Nc5 22. Nc3 Ne6 23. Qd2 Qxc4 24. Rfd1 Qb4 25. Kh2 Bb7 26. f4 Nf6 27. Nf2 Qb6 28. Bf3 Ba8 29. Kg2 Red8 30. f5 gxf5 31. Qh6 Rdc8 32. Nd5 Bxd5 33. exd5 Ng7 34. Nd3 Rxc1 35. Qxc1 Ng4 36. Bxg4 fxg4 37. Qg5 f6 38. Qg6 Qe3 39. Rf1 Rc8 40. Nf4 Qe5 41. Rf2 Rc1 42. Re2 Qa1 43. Ne6 Rg1+ 44. Kf2 Qf1+ 45. Ke3 Qf3+ 46. Kd4 Rd1+ 47. Kc4 Qxe2+ 48. Kb4 Qd2+ 0-1

[Event "CZE-chT2A 1617"]
[Site "Czech Republic"]
[Date "2017.03.19"]
[Round "10.6"]
[White "Seifarth, Robert"]
[Black "Vevera, Radek"]
[Result "1/2-1/2"]
[WhiteElo "2172"]
[BlackElo "2042"]
[PlyCount "105"]
[EventDate "2016.10.09"]
[EventType "team-tourn"]
[EventRounds "11"]
[EventCountry "CZE"]
[SourceTitle "EXT 2022"]
[Source "ChessBase"]
[SourceDate "2021.10.06"]
[SourceVersion "1"]
[SourceVersionDate "2021.10.06"]
[SourceQuality "1"]
[WhiteTeam "Praha Dopravni podnik"]
[BlackTeam "Praha Bohemians II"]
[WhiteTeamCountry "CZE"]
[BlackTeamCountry "CZE"]

1. Nf3 Nf6 2. g3 g6 3. c4 Bg7 4. d4 d6 5. Bg2 0-0 6. 0-0 Nc6 7. Nc3 a6 8. Bf4 Bg4 9. h3 Bxf3 10. exf3 Nd7 11. Be3 e5 12. dxe5 Ncxe5 13. Qb3 Nd3 14. Qc2 N3e5 15. b3 Re8 16. Rad1 Re6 17. Ne4 Nc6 18. f4 Nf6 19. Nxf6+ Qxf6 20. c5 dxc5 21. Qxc5 Rae8 22. Rd7 Bf8 23. Qc1 Bd6 24. Bd5 R6e7 25. Bxc6 bxc6 26. Qxc6 Re6 27. Qd5 h6 28. Bd4 Qf5 29. Qxf5 gxf5 30. Rc1 Re2 31. a4 Rb8 32. Bc5 Rxb3 33. Bxd6 cxd6 34. Rxd6 Rbb2 35. Rf1 Kg7 36. Rxa6 Ra2 37. Kg2 h5 38. Kf3 Reb2 39. Ra5 Ra3+ 40. Kg2 Kg6 41. Ra6+ Kg7 42. h4 Raa2 43. Ra8 Rc2 44. a5 Rcb2 45. Re8 Rc2 46. Re5 Kg6 47. Rb5 Rd2 48. Rb6+ Kg7 49. a6 Rdc2 50. g4 Rc4 51. gxh5 Rxf4 52. Kg3 Rg4+ 53. Kf3 1/2-1/2

[Event "Klatovy op 22nd"]
[Site "Klatovy"]
[Date "2016.07.03"]
[Round "2"]
[White "Dungl, Petr"]
[Black "Vevera, Radek"]
[Result "1/2-1/2"]
[WhiteElo "1902"]
[BlackElo "2000"]
[PlyCount "47"]
[EventDate "2016.07.02"]
[EventType "swiss"]
[EventRounds "9"]
[EventCountry "CZE"]
[SourceTitle "CBM 173 Extra"]
[Source "ChessBase"]
[SourceDate "2016.08.29"]
[SourceVersion "1"]
[SourceVersionDate "2016.08.29"]
[SourceQuality "1"]

1. d4 Nf6 2. c4 d6 3. Nc3 g6 4. e4 Bg7 5. f4 0-0 6. Nf3 c5 7. d5 e6 8. Be2 exd5 9. cxd5 b5 10. e5 dxe5 11. fxe5 Ng4 12. Bg5 Qa5 13. 0-0 Nxe5 14. Be7 Re8 15. d6 Nbc6 16. Nxe5 Nxe5 17. Nxb5 Bb7 18. Nc7 Rxe7 19. Nxa8 Rd7 20. Nc7 c4 21. Kh1 Nd3 22. Bxd3 Rxd6 23. Qe1 Qxc7 24. Bc2 1/2-1/2

[Event "CZE-chT2C 1415"]
[Site "Czech Republic"]
[Date "2015.03.29"]
[Round "10.5"]
[White "Vevera, Radek"]
[Black "Tuma, Jan"]
[Result "0-1"]
[WhiteElo "2077"]
[BlackElo "2200"]
[PlyCount "82"]
[EventDate "2014.11.02"]
[EventType "team-tourn"]
[EventRounds "11"]
[EventCountry "CZE"]
[SourceTitle "EXT 2022"]
[Source "ChessBase"]
[SourceDate "2021.10.06"]
[SourceVersion "1"]
[SourceVersionDate "2021.10.06"]
[SourceQuality "1"]
[WhiteTeam "Praha Bohemians II"]
[BlackTeam "Kutna Hora"]
[WhiteTeamCountry "CZE"]
[BlackTeamCountry "CZE"]

1. e4 c5 2. Nf3 d6 3. d4 cxd4 4. Nxd4 Nf6 5. Nc3 a6 6. Bg5 e6 7. Qd2 Be7 8. 0-0-0 b5 9. Bxf6 Bxf6 10. f4 Bb7 11. Nf3 0-0 12. Bd3 Qa5 13. Kb1 Bxc3 14. Qxc3 Qxc3 15. bxc3 Rc8 16. Kb2 Nd7 17. e5 Bxf3 18. gxf3 d5 19. Rhg1 Nb6 20. Rg3 Na4+ 21. Ka1 Rxc3 22. Rdg1 g6 23. h4 Rac8 24. f5 exf5 25. Bxf5 R8c4 26. h5 Kf8 27. hxg6 hxg6 28. Bd3 Rb4 29. Rb1 Rh4 30. e6 Ra3 31. Re1 fxe6 32. Rxg6 Nc5 33. Bf1 Rha4 34. Kb1 Rxa2 35. Kc1 Nb3+ 36. Kd1 Ra1+ 37. Ke2 Nd4+ 38. Kf2 Rxe1 39. Kxe1 Kf7 40. Rg2 Ra1+ 41. Kf2 Nxc2 0-1

[Event "CZE-chT2C 1415"]
[Site "Czech Republic"]
[Date "2015.03.15"]
[Round "9.4"]
[White "Vevera, Radek"]
[Black "Starek, Stanislav"]
[Result "1/2-1/2"]
[WhiteElo "2077"]
[BlackElo "2156"]
[PlyCount "48"]
[EventDate "2014.11.02"]
[EventType "team-tourn"]
[EventRounds "11"]
[EventCountry "CZE"]
[SourceTitle "EXT 2022"]
[Source "ChessBase"]
[SourceDate "2021.10.06"]
[SourceVersion "1"]
[SourceVersionDate "2021.10.06"]
[SourceQuality "1"]
[WhiteTeam "Praha Bohemians II"]
[BlackTeam "Ricany"]
[WhiteTeamCountry "CZE"]
[BlackTeamCountry "CZE"]

1. e4 d6 2. d4 Nf6 3. Nc3 e5 4. Nf3 Nbd7 5. Bc4 Be7 6. 0-0 0-0 7. a4 a5 8. b3 c6 9. Bb2 h6 10. Bd3 exd4 11. Nxd4 Nc5 12. Qf3 Nxd3 13. Qxd3 Ng4 14. Rad1 Ne5 15. Qd2 Qb6 16. Ba3 f5 17. f4 Ng6 18. Kh1 fxe4 19. Nxe4 d5 20. Bxe7 Nxe7 21. Ng3 Nf5 22. Ngxf5 Bxf5 23. Nxf5 Rxf5 24. g4 Rf7 1/2-1/2

[Event "Rakovnik Regional-chT 1415"]
[Site "Rakovnik"]
[Date "2015.02.01"]
[Round "7.2"]
[White "Hanl, Frantisek"]
[Black "Vevera, Radek"]
[Result "1-0"]
[WhiteElo "1924"]
[BlackElo "2077"]
[PlyCount "105"]
[EventDate "2014.10.19"]
[EventType "team-tourn"]
[EventRounds "11"]
[EventCountry "CZE"]
[SourceTitle "EXT 2016"]
[Source "ChessBase"]
[SourceDate "2015.10.08"]
[SourceVersion "1"]
[SourceVersionDate "2015.10.08"]
[SourceQuality "1"]
[WhiteTeam "Kralupy nad Vltavou"]
[BlackTeam "Uholicky"]
[WhiteTeamCountry "CZE"]
[BlackTeamCountry "CZE"]

1. e4 c6 2. d4 d5 3. e5 Bf5 4. Nc3 a6 5. Be3 e6 6. g4 Bg6 7. Nge2 c5 8. h4 cxd4 9. Nxd4 h5 10. Bd3 Ne7 11. Bxg6 Nxg6 12. f4 Nxh4 13. Qe2 Nc6 14. 0-0-0 Bb4 15. Bf2 hxg4 16. Qxg4 g5 17. Nxc6 bxc6 18. Ne4 Be7 19. fxg5 Ng6 20. Rxh8+ Nxh8 21. Nf6+ Bxf6 22. gxf6 Ng6 23. Rh1 Qc7 24. Qa4 Kd7 25. Bg3 Rh8 26. Rxh8 Nxh8 27. Qa3 Ng6 28. Qxa6 c5 29. a4 c4 30. Qb5+ Kc8 31. Qb4 d4 32. Qb5 d3 33. Kd2 dxc2 34. Kxc2 Kd8 35. Kc3 Qa7 36. Qxc4 Qa5+ 37. Qb4 Qc7+ 38. Kb3 Qc1 39. Qd4+ Ke8 40. Qc3 Qd1+ 41. Kb4 Kd7 42. Kb5 Qf1+ 43. Kb6 Qg1+ 44. Qc5 Qxc5+ 45. Kxc5 Kc7 46. b4 Nf8 47. a5 Nd7+ 48. Kc4 Kb7 49. b5 Kc7 50. Kd4 Kb7 51. Be1 Kc7 52. Bb4 Kb7 53. Bc5 1-0

[Event "CZE-chT2C 1415"]
[Site "Czech Republic"]
[Date "2015.01.25"]
[Round "6.5"]
[White "Vevera, Radek"]
[Black "Kratochvil, Vit"]
[Result "1-0"]
[WhiteElo "2077"]
[BlackElo "2143"]
[PlyCount "99"]
[EventDate "2014.11.02"]
[EventType "team-tourn"]
[EventRounds "11"]
[EventCountry "CZE"]
[SourceTitle "EXT 2022"]
[Source "ChessBase"]
[SourceDate "2021.10.06"]
[SourceVersion "1"]
[SourceVersionDate "2021.10.06"]
[SourceQuality "1"]
[WhiteTeam "Praha Bohemians II"]
[BlackTeam "Jihlava Silko Gambit"]
[WhiteTeamCountry "CZE"]
[BlackTeamCountry "CZE"]

1. e4 c5 2. Nf3 d6 3. d4 cxd4 4. Nxd4 Nf6 5. Nc3 g6 6. Be3 Bg7 7. Bc4 0-0 8. f3 Nc6 9. Qd2 Bd7 10. 0-0-0 Rb8 11. Kb1 Na5 12. Bb3 b5 13. Bh6 Nc4 14. Qg5 a5 15. a3 a4 16. Bxg7 Kxg7 17. Bxc4 bxc4 18. e5 dxe5 19. Nc6 Qb6 20. Nxb8 Rxb8 21. Qc1 Bc6 22. Rhe1 Nd7 23. Na2 f6 24. Re3 Qc5 25. Nb4 Qb5 26. Qd2 Nc5 27. g3 Na6 28. c3 Nc5 29. f4 e4 30. Qd4 Ne6 31. Qd2 f5 32. h3 Rd8 33. Qe2 Rd3 34. Rexd3 cxd3 35. Nxd3 Bd5 36. Nc1 Bc4 37. Qe3 Kf7 38. Qa7 Nc5 39. Rd8 Bd3+ 40. Nxd3 Nxd3 41. Rb8 Qc4 42. Qd7 Qc5 43. Qe8+ Kf6 44. Qf8+ Ke6 45. Qg8+ Kd6 46. Rd8+ Kc7 47. Rc8+ Kd6 48. Qd8+ Ke6 49. Rxc5 Nxc5 50. Qd4 1-0

[Event "Rakovnik Regional-chT 1415"]
[Site "Rakovnik"]
[Date "2015.01.18"]
[Round "6.1"]
[White "Skacel, Jan"]
[Black "Vevera, Radek"]
[Result "1-0"]
[WhiteElo "2066"]
[BlackElo "2077"]
[PlyCount "75"]
[EventDate "2014.10.19"]
[EventType "team-tourn"]
[EventRounds "11"]
[EventCountry "CZE"]
[SourceTitle "EXT 2016"]
[Source "ChessBase"]
[SourceDate "2015.10.08"]
[SourceVersion "1"]
[SourceVersionDate "2015.10.08"]
[SourceQuality "1"]
[WhiteTeam "Ricany III"]
[BlackTeam "Uholicky"]
[WhiteTeamCountry "CZE"]
[BlackTeamCountry "CZE"]

1. e4 c6 2. d4 d5 3. exd5 cxd5 4. Bd3 Nc6 5. c3 Qc7 6. Nf3 Bg4 7. Na3 a6 8. Nc2 e6 9. 0-0 Bd6 10. h3 Bh5 11. Re1 Nf6 12. Bg5 Bg6 13. Bxf6 gxf6 14. Ne3 0-0 15. a3 Rac8 16. Bf1 Na5 17. b4 Nc4 18. Nxc4 dxc4 19. Nd2 b5 20. Qf3 Be7 21. g3 Rfd8 22. Bg2 e5 23. d5 f5 24. g4 e4 25. Qe2 Rxd5 26. gxf5 Bxf5 27. Nxe4 Rd3 28. Ng3 Be6 29. Be4 Rxc3 30. Qh5 Rxg3+ 31. fxg3 Qxg3+ 32. Kh1 Qxh3+ 33. Qxh3 Bxh3 34. Re3 Bf6 35. Rg1+ Bg4 36. Rxg4+ Kf8 37. Bxh7 Bg7 38. Reg3 1-0

[Event "Rakovnik Regional-chT 1415"]
[Site "Rakovnik"]
[Date "2015.01.04"]
[Round "5.3"]
[White "Vevera, Radek"]
[Black "Kaplan, Daniel"]
[Result "1/2-1/2"]
[WhiteElo "2077"]
[BlackElo "2130"]
[PlyCount "89"]
[EventDate "2014.10.19"]
[EventType "team-tourn"]
[EventRounds "11"]
[EventCountry "CZE"]
[SourceTitle "EXT 2016"]
[Source "ChessBase"]
[SourceDate "2015.10.08"]
[SourceVersion "1"]
[SourceVersionDate "2015.10.08"]
[SourceQuality "1"]
[WhiteTeam "Uholicky"]
[BlackTeam "Nymburk Sokol"]
[WhiteTeamCountry "CZE"]
[BlackTeamCountry "CZE"]

1. e4 e5 2. Nf3 Nc6 3. Bc4 Nf6 4. d4 exd4 5. e5 Ne4 6. Qe2 Nc5 7. Nbd2 Be7 8. Ne4 0-0 9. 0-0 d5 10. exd6 Bxd6 11. Nxc5 Bxc5 12. Ng5 Be7 13. Qh5 Bxg5 14. Bxg5 Qd6 15. Bd3 g6 16. Qh6 Ne5 17. Rfe1 Ng4 18. Qh4 f6 19. Bc4+ Kg7 20. Bf4 Qc5 21. Bd3 h5 22. Qg3 Bf5 23. Bxc7 Rf7 24. Bd6 Qd5 25. h4 Rc8 26. Re2 Bxd3 27. cxd3 Rc6 28. Bf4 Re6 29. Rc2 Rfe7 30. f3 Ne3 31. Rc7 Rxc7 32. Bxc7 Rc6 33. Bf4 Rc2 34. Bxe3 dxe3 35. Qb8 a6 36. Qe8 e2 37. Qe7+ Qf7 38. Qe4 Qc7 39. Re1 Qc5+ 40. d4 Qc4 41. b3 Qc3 42. Qe7+ Kh6 43. Qf8+ Kh7 44. Qe7+ Kh6 45. Qf8+ 1/2-1/2

[Event "CZE-chT2C 1415"]
[Site "Czech Republic"]
[Date "2014.12.14"]
[Round "4.3"]
[White "Vevera, Radek"]
[Black "Cuhra, Martin"]
[Result "0-1"]
[WhiteElo "2077"]
[BlackElo "2247"]
[PlyCount "95"]
[EventDate "2014.11.02"]
[EventType "team-tourn"]
[EventRounds "11"]
[EventCountry "CZE"]
[SourceTitle "EXT 2022"]
[Source "ChessBase"]
[SourceDate "2021.10.06"]
[SourceVersion "1"]
[SourceVersionDate "2021.10.06"]
[SourceQuality "1"]
[WhiteTeam "Praha Bohemians II"]
[BlackTeam "Praha Oaza"]
[WhiteTeamCountry "CZE"]
[BlackTeamCountry "CZE"]

1. e4 c5 2. Nf3 Nc6 3. d4 cxd4 4. Nxd4 Qb6 5. Nb3 e6 6. Nc3 Nf6 7. Bd3 Be7 8. Be3 Qc7 9. f4 d6 10. Qf3 a6 11. a4 h5 12. a5 Nd7 13. 0-0 b5 14. axb6 Nxb6 15. Nd4 Bb7 16. Nxc6 Qxc6 17. f5 e5 18. Qe2 Nd7 19. Nd5 Nf6 20. c4 Bd8 21. Bc2 Kf8 22. Ba4 Qc8 23. Qd3 Qb8 24. h3 Bxd5 25. cxd5 Bb6 26. Bc6 Ra7 27. Ra3 Kg8 28. Rb3 Bxe3+ 29. Qxe3 Qc7 30. Rc1 Qe7 31. Ba4 Kh7 32. Rc6 Rd8 33. Rbc3 Rb7 34. b3 a5 35. Ra6 Rb4 36. Ra7 Qf8 37. Rc4 Ra8 38. Rac7 Rxc4 39. Rxc4 Rb8 40. Qc3 Qd8 41. Qe3 Rb4 42. Qa7 Rxc4 43. bxc4 Kg8 44. c5 dxc5 45. d6 Qxd6 46. Qa8+ Kh7 47. Qxa5 Nxe4 48. Bc2 0-1